| 000 | 00743nam a2200241 a 4500 | ||
|---|---|---|---|
| 005 | 20140310183401.0 | ||
| 008 | 121004s19uu xx 00 eng d | ||
| 020 | _a9780071278515 | ||
| 020 | _a0070660212 | ||
| 050 |
_aTX 911.3 _b.An565 2008 |
||
| 100 | _aAndrews, Sudhir | ||
| 245 |
_aIntroduction to tourism and hospitality industry / _cSudhir Andrews. |
||
| 250 | _aInternational ed. | ||
| 260 |
_aNew Delhi, India : _bTata McGraw-Hill, _c2008. |
||
| 300 |
_a236 p. : _bill.; _c24 cm. |
||
| 521 | _aTOU | ||
| 650 |
_aHospitality industry _xManagement |
||
| 650 |
_aTourism _xManagement |
||
| 650 |
_aTourism _xVocational guidance |
||
| 650 |
_aHospitality industry _xVocational guidance |
||
| 942 |
_cBK _2lcc _kFOR |
||
| 999 |
_c22322 _d22322 |
||